00959cam0a220021700 4500001001200000003000500012005001700017008004100034035001900075035002200094040000900116100003500125245007000160260002100230490008300251504002800334810030600362949004800668004000600716999001900722tmp15392882UPRA20190830121000.0950803s1964 be eng u a(Sirsi) r29292 a(UPRA)tmp15392882 cUPRA1 aTrewavas, Ethelwynn.6A93653.112aA revision of the genus Serranochromis Regan (Pisces, Cichlidae). aTervuren,c1964.1 aMusee Royal de l'Afrique. Annales. Ser. in-8 , Sciences zoologiques ;vno. 125 aBibliography: p. 56-58.2 aMusee Royal de l'Afrique. Annales. Ser. in-8 , Sciences zoologiques ;tMusee Royal de l'Afrique. Annales. Ser. in-8 , Sciences zoologiques ;nMusee Royal de l'Afrique. Annales. Ser. in-8 , Sciences zoologiques ;pMusee Royal de l'Afrique. Annales. Ser. in-8 , Sciences zoologiques ;vno. 1256S14174.1 aDT641.M8wlcci-31984mMAINtBOOKlON-SHELF29292 c196620d196620